[Event "GER-chT9 LI-23 Br03 email"]
[Site "GER email"]
[Date "2011.10.17"]
[Round "?"]
[White "Schutze, Manfred"]
[Black "Stangl, Josef"]
[Result "1-0"]
[WhiteElo "2268"]
[BlackElo "2000"]
[PlyCount "121"]
[EventDate "2011.10.23"]
[EventType "tourn (corr)"]
[EventRounds "8"]
[EventCountry "GER"]
[SourceTitle "Corr 2015"]
[Source "ChessBase"]
[SourceDate "2015.07.17"]
[SourceVersion "1"]
[SourceVersionDate "2015.07.17"]
[SourceQuality "1"]

1. e4 c5 2. Nf3 Nc6 3. Bb5 d6 4. 0-0 Bd7 5. Re1 Nf6 6. c3 a6 7. Ba4 b5 8. Bc2 e5 9. h3 Be7 10. d4 0-0 11. d5 Na5 12. b3 Qc7 13. Nbd2 Rfc8 14. c4 Rcb8 15. Bd3 bxc4 16. bxc4 Rb4 17. Ba3 Rb7 18. Nf1 Bd8 19. Bc1 g6 20. Bd2 Nh5 21. Ne3 Nf6 22. Bc3 Rab8 23. Qd2 Kg7 24. Nf5+ gxf5 25. Nxe5 dxe5 26. exf5 Nxc4 27. Bxc4 Bxf5 28. Bxe5 Qd7 29. g4 Bg6 30. Qf4 Ra8 31. g5 Qf5 32. Qh4 h5 33. d6 Rb4 34. Rac1 Kh7 35. gxf6 Rab8 36. Bc3 Rb1 37. Rxb1 Rxb1 38. Rxb1 Qxb1+ 39. Kh2 Qc2 40. Qg3 Kg8 41. Kg1 Qb1+ 42. Bf1 Qc1 43. Qe3 Qxe3 44. fxe3 a5 45. h4 Bb6 46. Kf2 Bf5 47. Bb5 Be4 48. a3 Kf8 49. Kg3 Bf5 50. Kf4 Be6 51. e4 c4 52. e5 Bd5 53. Bd7 Kg8 54. Bf5 Bc6 55. e6 Kf8 56. d7 Bxd7 57. exd7 Kg8 58. Ke4 Bc7 59. a4 Bd8 60. Kd5 Bc7 61. Kc6 1-0